Pokémon de type Psy - Mort Subite - Statistiques

Statistiques générales
  • Ce quiz a été pris 1 236 fois
    44 depuis la dernière actualisation
  • Le résultat moyen est 14 sur 20
Answers on the Grid
Answers color-coded by a green-red scale on the quiz's grid according to % correct below.
Mewtwo
Porygon
Tygnon
Queulorior
Soporifik
Scrutella
Symbios
Gringolem
Yveltal
Barbicha
Chapotus
Jirachi
Motisma
Métang
Charmina
Denticrisse
Gardevoir
Goupelin
Grimalin
Coxyclaque
Ursaring
Embrochet
Lippoutou
Gouroutan
Solaroc
Vrombi
Flamenroule
Lunala
Xatu
Voltoutou
Sépiatroce
Théffroi
Noadkoko
Bérasca
Mentali
Hoothoot
 
Statistiques - réponses
Réponse % Correct
Mentali
88%
Mewtwo
88%
Soporifik
88%
Xatu
88%
Gardevoir
78%
Lippoutou
78%
Noadkoko
78%
Charmina
75%
Scrutella
75%
Métang
72%
Sépiatroce
72%
Solaroc
72%
Goupelin
69%
Symbios
69%
Denticrisse
63%
Lunala
63%
Jirachi
59%
Chapotus
56%
Bérasca
50%
Gouroutan
50%
Aucun quiz correspondant
Distribution des résultats
% des personnes avec chaque résultat
Percentile par nombre de réponses
Votre historique - résultats
Vous n’avez pas pris ce quiz depuis la dernière actualisation